000
00319 a2200157 4500
001
64223
020
_a
8516042715
040
_c
Anchieta - Pituba
100
_a
Elisabeth Prescher
240
1
0
_a
Sun 3
_l
eng
245
1
0
_a
Sun 3
300
_a
198
362
0
_a
2004
650
4
_a
Inglês e inglês antigo
942
_c
BK
999
_c
64223
_d
64223